Early revenue of history of Bengal and the fifth report, 1812 / (Record no. 98049)
[ view plain ]
| 000 -LEADER | |
|---|---|
| fixed length control field | 00932nam a22002417a 4500 |
| 005 - DATE AND TIME OF LATEST TRANSACTION | |
| control field | 20160122094615.0 |
| 010 ## - LCCN (DPL NO) | |
| LC control number | ENG-114453 |
| 020 ## - INTERNATIONAL STANDARD BOOK NUMBER | |
| Terms of availability | 595.00 |
| International Standard Book Number | 9789380755229 |
| 035 ## - SYSTEM CONTROL NUMBER | |
| System control number | EN-97985 |
| 037 ## - SOURCE OF ACQUISITION | |
| Source of stock number/acquisition | DBAD/PUB |
| 082 ## - DEWEY DECIMAL CLASSIFICATION NUMBER | |
| Classification number | 954.52 |
| 100 ## - MAIN ENTRY--PERSONAL NAME | |
| Personal name | Ascoli, F.D. |
| 245 ## - TITLE STATEMENT | |
| Title | Early revenue of history of Bengal and the fifth report, 1812 / |
| Statement of responsibility, etc | by F.D. Ascoli |
| 260 ## - PUBLICATION, DISTRIBUTION, ETC. (IMPRINT) | |
| Place of publication, distribution, etc | Kolkata |
| Name of publisher, distributor, etc | Aruna Prakashan |
| Date of publication, distribution, etc | 2012 |
| 270 ## - ADDRESS | |
| Address | 2, Kalidas Singha Lane |
| City | Kolkata |
| Postal code | 700009 |
| 300 ## - PHYSICAL DESCRIPTION | |
| Extent | 272p. |
| Dimensions | 22cm(Hb) |
| 500 ## - GENERAL NOTE | |
| General note | "Copy of the fifth report from the Select Committee of the House of Commons on the affairs of the East India Company, 28th July 1812": pages 85-261. |
| 500 ## - GENERAL NOTE | |
| General note | Includes index |
| 610 ## - SUBJECT ADDED ENTRY--CORPORATE NAME | |
| Corporate name or jurisdiction name as entry element | East India Company. |
| 650 ## - SUBJECT ADDED ENTRY--TOPICAL TERM | |
| Topical term or geographic name as entry element | Revenue |
| Geographic subdivision | India |
| -- | Bengal. |
| 710 ## - ADDED ENTRY--CORPORATE NAME | |
| Corporate name or jurisdiction name as entry element | Great Britain. |
| Subordinate unit | Parliament. |
| -- | House of Commons. |
| -- | Select Committee on the East India Company. |
| 942 ## - ADDED ENTRY ELEMENTS (KOHA) | |
| Source of classification or shelving scheme | Dewey Decimal Classification |
| Item type | English Books |
| Call number suffix | ASC |
| Classification part | 954.52 |
| Withdrawn status | Lost status | Not for loan | Collection code | Home library | Current library | Date acquired | Source of acquisition | Cost, normal purchase price | Full call number | Barcode | Copy number | Cost, replacement price | Koha item type |
|---|---|---|---|---|---|---|---|---|---|---|---|---|---|
| Not For Loan | Non-fiction | D.B.Act.Division | D.B.Act.Division | 30/10/2015 | DBAD/PUB | 595.00 | 954.52 ASC | EN-97985 | 1 | 595.00 | English Books |
